000 00398nam a2200133Ia 4500
008 220217s9999||||xx |||||||||||||| ||und||
020 _a0-07-463556-5
082 _a005.13 COU
100 _aCouchman, Jason, S
_93547
245 0 _aOracle certified professional: DBA certification exam guide
260 _aTata mcgraw hill
_bNew Delhi
_c2001
300 _b525
650 _aPROGRAMMING LANGUAGE
999 _c172161
_d172161